|
|
|
|
| LEADER |
00000cam a22000005a 4500 |
| 001 |
vtls010093440 |
| 003 |
SK-MaSNL |
| 005 |
20260301131248.0 |
| 008 |
251029s2009 xo f 000 0 slo |
| 015 |
|
|
|a SNBA2010/07-03937
|
| 020 |
|
|
|a 9788080945749
|q (brož.)
|
| 035 |
|
|
|a FD92BD87-3016-48ED-BED6-AF5D0E41595B
|
| 035 |
|
|
|a urn:nbn:sk:snk-amkadg
|
| 035 |
|
|
|a urn:nbn:sk:snk-am0088om
|
| 040 |
|
|
|a SNK
|b slo
|c SNK
|e AACR2
|
| 041 |
0 |
|
|a slo
|
| 044 |
|
|
|a xo
|c SK
|
| 072 |
|
7 |
|a 591
|x Všeobecná zoológia
|2 konspekt
|
| 080 |
|
|
|a 591
|2 2001
|
| 080 |
|
|
|a 81'373.46
|2 2001
|
| 080 |
|
|
|a (038.072)
|2 2001
|
| 080 |
|
|
|a (075.8)
|2 2001
|
| 100 |
1 |
|
|a Schlarmannová, Janka,
|d 1963-
|4 aut
|9 200308
|
| 245 |
1 |
0 |
|a Miniglosár biológie živočíchov
|c Janka Schlarmannová, Barbora Matejovičová, Mária Vondráková
|
| 250 |
|
|
|a 1. vyd.
|
| 260 |
|
|
|a Nitra
|b Univerzita Konštantína Filozofa
|c 2009
|
| 300 |
|
|
|a 87 s.
|c 25 cm
|
| 366 |
|
|
|e 100 výt.
|
| 490 |
1 |
|
|a Prírodovedec
|v č. 379
|
| 500 |
|
|
|a Slov. názvy hesiel obsahujú aj ekvivalenty v lat., čes. a angl. jazyku
|
| 504 |
|
|
|a Bibliogr. s. 85-87
|
| 650 |
0 |
7 |
|a všeobecná zoológia
|2 SNKPH
|9 73559
|
| 650 |
0 |
7 |
|a General zoology
|2 SNKPHeng
|9 382933
|
| 650 |
0 |
7 |
|a odborná terminológia
|2 SNKPH
|9 3616
|
| 650 |
0 |
7 |
|a Terminology (professional)
|2 SNKPHeng
|9 90966
|
| 655 |
|
7 |
|a výkladové slovníky
|2 SNKPH
|9 69007
|
| 655 |
|
7 |
|a Explanatory dictionaries
|2 SNKPHeng
|9 278822
|
| 655 |
|
7 |
|a učebnice vysokých škôl
|2 SNKPH
|9 70191
|
| 655 |
|
7 |
|a Textbooks (higher)
|2 SNKPHeng
|9 276436
|
| 700 |
1 |
|
|a Matejovičová, Barbora,
|d 1957-
|4 aut
|9 200309
|
| 700 |
1 |
|
|a Vondráková, Mária,
|d 1954-
|4 aut
|9 7536
|
| 810 |
2 |
|
|a Univerzita Konštantína Filozofa v Nitre.
|b Fakulta prírodných vied
|t č. 379
|9 480279
|
| 830 |
|
0 |
|a Prírodovedec
|9 266401
|
| 919 |
|
|
|a 978-80-8094-574-9
|
| 958 |
|
|
|a NB
|
| 958 |
|
|
|a OND
|
| 968 |
|
|
|d 56/59
|
| 999 |
|
|
|c 747340
|d 749270
|
| 952 |
|
|
|a SNK
|b SNK
|y PREZ
|7 0
|p 17A0658655
|o snkSC 140262
|i snk2010/9865
|8 0
|0 0
|1 0
|4 0
|d 2010-05-10
|l 0
|r 2025-07-08 00:00:00
|w 2026-02-23
|
| 952 |
|
|
|a SNK
|b SNK
|y VYP
|7 0
|p 17A0658656
|o snkSC 140262 D1
|i snk2010/9866
|8 0
|0 0
|1 0
|4 0
|d 2010-05-10
|f 1
|l 0
|r 2026-02-23 23:20:35
|w 2026-02-23
|